000
00251nam a22001217a 4500
003
SGT
082
_b
HOL
100
_a
HOLOWAY, J. CHRISTOPHER
245
_a
THE BUSINESS OF TOURISM
260
_b
MACDONAL PUB.
_c
1983
300
_a
246
942
_2
ddc
_c
BK
999
_c
13674
_d
13674